01637 a2200181 45000010006000000050017000060080041000230030015000640400040000790800057001192450031001762500012002072640034002193000019002535051131002721000023014037000029014263599020260407155637.0260407a1959 arg spa dAR-UNSa-BCEJYS aAR-UNSa-BCEJYSbspacAR-UNSa-BCEJYS a658.5xPlanificación y control de la producción 10aControl de la producción a2a. ed. 1aNew York :bMcGraw-Hillc1959 a677 p.c24 cm. a1. Funciones del control de la producción - 2. Tipos de producción - 3. Clases secundarias de producción - 4. Tipos y procedimientos de control - 5. Organización del control de la producción - 6. Previsión - 7. Previsión(continuación) - 8. Estimación - 9. Estimación( continuación) - 10. Autorización de la actuación - 11. Primer planemiento-Aspectos técnicos - 12. Planeamiento-Aspectos técnicos - 13. Instrucciones principales de elaboración - 14. Sistemas de identificación y calendarios - 15. Estimación de la mano de obra - 16. Control de existencias en la fabricación sobre pedido - 17. Control de existencias(continuación) - 18. Planeamiento. Aspectos del control de producción - 19. Preparación de la fabricación - 20. Programación - 21. Despacho - 22. Mantenimiento de la marcha de la producción - 23. Otros problemas de taller - 24. Control por bloques y por volumen de trabajo - 25. Control por volumen de producción - 26. Control por volumen de producción - 27. Investigación operativa - 28. Programación lineal - 29. Máquinas tabuladoras y calculadoras.1 aMoore, Franklin G.1 aPérez Martinez, Carlos